000 00903nam a2200301 a 4500
001 11043
003 BD-RjUL
005 20211208235048.0
008 140126s2008 enka b 001 0 eng d
020 _a9780470042175 (hbk.) :
020 _a0470042176 (hbk.) :
020 _a9780470169612 (pbk.)
035 _a(BD-RjUL)11092
040 _aStDuBDS
_beng
_cStDuBDS
_dBD-RjUL
041 _aeng
082 0 4 _a571.6
_222
_bKAC 2008
100 1 _aKarp, Gerald.
_934137
245 1 0 _aCell and molecular biology :
_bconcepts and experiments /
_cGerald Karp.
250 _a5th ed.
260 _aChichester :
_bWiley,
_c2008.
300 _a1 v. (various pagings) :
_bill. ;
_c29 cm.
500 _aPrevious ed.: 2005.
500 _aText on end-papers.
504 _aIncludes bibliographical references and index.
650 0 _aCytology.
_934084
650 0 _aMolecular biology.
_91559
942 _2ddc
_cBK
999 _c11043
_d11043